Introduction to 80X86 assembly language and computer architecture / (Record no. 22257)
[ view plain ]
| 000 -LEADER | |
|---|---|
| fixed length control field | 01102cam a22002655a 4500 |
| 001 - CONTROL NUMBER | |
| control field | 17859220 |
| 005 - DATE AND TIME OF LATEST TRANSACTION | |
| control field | 20201128023816.0 |
| 008 - FIXED-LENGTH DATA ELEMENTS--GENERAL INFORMATION | |
| fixed length control field | 130821t2015 maua fr 001 0 eng d |
| 020 ## - INTERNATIONAL STANDARD BOOK NUMBER | |
| International Standard Book Number | 9781284036121 (pbk.) |
| 040 ## - CATALOGING SOURCE | |
| Original cataloging agency | DLC |
| Language of cataloging | eng |
| Transcribing agency | DLC |
| Modifying agency | DLC |
| -- | EG-ScBUE |
| 082 04 - DEWEY DECIMAL CLASSIFICATION NUMBER | |
| Classification number | 004.22 |
| Edition number | 22 |
| Item number | DET |
| 100 1# - MAIN ENTRY--PERSONAL NAME | |
| Personal name | Detmer, Richard C. |
| 9 (RLIN) | 40935 |
| 245 10 - TITLE STATEMENT | |
| Title | Introduction to 80X86 assembly language and computer architecture / |
| Statement of responsibility, etc | Richard C. Detmer. |
| 250 ## - EDITION STATEMENT | |
| Edition statement | 3rd ed. |
| 260 ## - PUBLICATION, DISTRIBUTION, ETC. (IMPRINT) | |
| Place of publication, distribution, etc | Burlington : |
| Name of publisher, distributor, etc | Jones & Bartlett Learning, |
| Date of publication, distribution, etc | c.2015. |
| 300 ## - PHYSICAL DESCRIPTION | |
| Extent | xi, 346 p. : |
| Other physical details | ill. ; |
| Dimensions | 24 cm. |
| 500 ## - GENERAL NOTE | |
| General note | Index : p. 343-346. |
| 505 0# - FORMATTED CONTENTS NOTE | |
| Formatted contents note | Representing data in a computer -- Parts of a computer system -- Elements of assembly language -- Basic instructions -- Branching and looping -- Procedures -- Bit manipulation -- String operations -- Floating point operations. |
| 650 #7 - SUBJECT ADDED ENTRY--TOPICAL TERM | |
| Topical term or geographic name as entry element | Computer architecture. |
| Source of heading or term | BUEsh |
| 9 (RLIN) | 2654 |
| 650 #7 - SUBJECT ADDED ENTRY--TOPICAL TERM | |
| Topical term or geographic name as entry element | Assembly languages (Electronic computers) |
| Source of heading or term | BUEsh |
| 9 (RLIN) | 36161 |
| 650 #7 - SUBJECT ADDED ENTRY--TOPICAL TERM | |
| Topical term or geographic name as entry element | Intel 80x86 series microprocessors. |
| Source of heading or term | BUEsh |
| 9 (RLIN) | 17976 |
| 651 ## - SUBJECT ADDED ENTRY--GEOGRAPHIC NAME | |
| Source of heading or term | BUEsh |
| 653 ## - INDEX TERM--UNCONTROLLED | |
| Resource For college | Informatics and Computer Science |
| Arrived date list | August 2016 |
| 942 ## - ADDED ENTRY ELEMENTS (KOHA) | |
| Source of classification or shelving scheme | Dewey Decimal Classification |
| Withdrawn status | Item status | Source of classification or shelving scheme | Damaged status | Not for loan | Vendor | Home library | Current library | Shelving location | Date acquired | Source of acquisition | Cost, normal purchase price | Serial Enumeration / chronology | Total Checkouts | Full call number | Barcode | Date last seen | Cost, replacement price | Koha item type |
|---|---|---|---|---|---|---|---|---|---|---|---|---|---|---|---|---|---|---|
| Dewey Decimal Classification | Baccah | Central Library | Central Library | Lower Floor | 28/08/2016 | Purchase | 751.00 | 25137 | 004.22 DET | 000033409 | 15/07/2025 | 938.75 | Book - Borrowing |